<?xml version="1.0" encoding="UTF-8"?>
<record
    xmlns:xsi="http://www.w3.org/2001/XMLSchema-instance"
    xsi:schemaLocation="http://www.loc.gov/MARC21/slim http://www.loc.gov/standards/marcxml/schema/MARC21slim.xsd"
    xmlns="http://www.loc.gov/MARC21/slim">

  <leader>01300nam a2200313 a 4500</leader>
  <controlfield tag="005">20240507093026.0</controlfield>
  <controlfield tag="008">100309t1993||||cl  f01   s  sp spa</controlfield>
  <datafield tag="020" ind1=" " ind2=" ">
    <subfield code="a">9561403299</subfield>
  </datafield>
  <datafield tag="041" ind1=" " ind2=" ">
    <subfield code="a">spa</subfield>
  </datafield>
  <datafield tag="092" ind1=" " ind2=" ">
    <subfield code="c">174</subfield>
    <subfield code="l">47</subfield>
    <subfield code="s">LAV</subfield>
  </datafield>
  <datafield tag="100" ind1="1" ind2=" ">
    <subfield code="a">Lavados M., Manuel</subfield>
    <subfield code="9">3760</subfield>
  </datafield>
  <datafield tag="245" ind1=" " ind2=" ">
    <subfield code="a">&#xC9;tica cl&#xED;nica.</subfield>
    <subfield code="b">Fundamentos y aplicaciones /</subfield>
    <subfield code="c">Manuel Lavados M.</subfield>
  </datafield>
  <datafield tag="250" ind1=" " ind2=" ">
    <subfield code="a">1a ed.</subfield>
  </datafield>
  <datafield tag="260" ind1=" " ind2=" ">
    <subfield code="a">Chile: </subfield>
    <subfield code="b">Ediciones Universidad Cat&#xF3;lica de Chile;</subfield>
    <subfield code="c">1993.</subfield>
  </datafield>
  <datafield tag="300" ind1=" " ind2=" ">
    <subfield code="a">354 p.</subfield>
  </datafield>
  <datafield tag="500" ind1=" " ind2=" ">
    <subfield code="a">Lavados M., M. y Serani M., A. (1993). &#xC9;tica cl&#xED;nica. Fundamentos y aplicaciones. (1a ed.). Chile : Ediciones Universidad Cat&#xF3;lica de Chile.</subfield>
  </datafield>
  <datafield tag="653" ind1=" " ind2=" ">
    <subfield code="a">Etica cl&#xED;nica: su objetivo, metodo y naturaleza</subfield>
  </datafield>
  <datafield tag="653" ind1=" " ind2=" ">
    <subfield code="a">Aspectos &#xE9;ticos de la relaci&#xF3;n m&#xE9;dico-paciente</subfield>
  </datafield>
  <datafield tag="653" ind1=" " ind2=" ">
    <subfield code="a">Suspensi&#xF3;n y limitaci&#xF3;n de tratamientos</subfield>
  </datafield>
  <datafield tag="653" ind1=" " ind2=" ">
    <subfield code="a">Etica de la investigaci&#xF3;n cl&#xED;nica</subfield>
  </datafield>
  <datafield tag="653" ind1=" " ind2=" ">
    <subfield code="a">Criterios de muerte del individuo</subfield>
  </datafield>
  <datafield tag="653" ind1=" " ind2=" ">
    <subfield code="a">Aspectos &#xE9;ticos en el inicio de la vida humana</subfield>
  </datafield>
  <datafield tag="653" ind1=" " ind2=" ">
    <subfield code="a">Problemas &#xE9;ticos en la reproducci&#xF3;n humana medicamente asistida </subfield>
  </datafield>
  <datafield tag="653" ind1=" " ind2=" ">
    <subfield code="a">Problemas &#xE9;ticos de la neonatolog&#xED;a y del diagn&#xF3;stico prenatal</subfield>
  </datafield>
  <datafield tag="653" ind1=" " ind2=" ">
    <subfield code="a">Aspectos antropol&#xF3;gicos y &#xE9;ticos del SIDA</subfield>
  </datafield>
  <datafield tag="653" ind1=" " ind2=" ">
    <subfield code="a">An&#xE1;lisis de casos cl&#xED;nicos</subfield>
  </datafield>
  <datafield tag="700" ind1="1" ind2=" ">
    <subfield code="a">Serani M., Alejandro</subfield>
    <subfield code="9">3761</subfield>
  </datafield>
  <datafield tag="942" ind1=" " ind2=" ">
    <subfield code="2">ddc</subfield>
    <subfield code="c">BK</subfield>
  </datafield>
  <datafield tag="999" ind1=" " ind2=" ">
    <subfield code="c">2182</subfield>
    <subfield code="d">2182</subfield>
  </datafield>
  <datafield tag="952" ind1=" " ind2=" ">
    <subfield code="0">0</subfield>
    <subfield code="1">0</subfield>
    <subfield code="2">ddc</subfield>
    <subfield code="4">0</subfield>
    <subfield code="7">0</subfield>
    <subfield code="a">BFM</subfield>
    <subfield code="b">BFM</subfield>
    <subfield code="c">CR</subfield>
    <subfield code="d">2015-08-05</subfield>
    <subfield code="e">Donaci&#xF3;n Agosto 2015</subfield>
    <subfield code="l">0</subfield>
    <subfield code="o">174 47 LAV</subfield>
    <subfield code="p">3509</subfield>
    <subfield code="r">2015-08-05</subfield>
    <subfield code="t">Ej.1</subfield>
    <subfield code="w">2015-08-05</subfield>
    <subfield code="y">BK</subfield>
    <subfield code="z">Donaci&#xF3;n Agosto 2015</subfield>
  </datafield>
</record>
